000
00314nam a2200121Ia 4500
008
191201s2008 xx 000 0 und d
100
_a
GOPAL,D.P.
245
0
_a
Management information system managerial perspective
260
_a
N. delhi
_b
Macmillan
_c
2008
300
_a
372
650
_a
B.Tech(CSE)
942
_2
ddc
_c
BK
999
_c
304
_d
304